Normal view
MARC view
- Segovia, Francisco,
Entry Nombre Personal
001 - NUMERO DE CONTROL
- campo de control: 38835
003 - IDENTIFICADOR DE NUMERO DE CONTROL
- campo de control: UPN
005 - FECHA Y HORA DE LA ÜLTIMA TRANSACCIÓN
- campo de control: 20210219194539.0
008 - DATOS DE LONGITUD FIJA
- campo de control de longitud fija: nabaccnnaabn|||||||||| b |nc|||||d
035 ## - NUMERO DE CONTROL
- Número de control: UPN11000010942
040 ## - FUENTE DE CATALOGACIÓN
- Lenguaje de catalogación: SPA
- Agencia de transcripción: UPN
053 #4 - NÚMERO DE CLASIFICACIÓN LC
- Número de clasificación elemento-número único o número inicial de tramo: PQ7298.29
- Número de clasificación número de tramo final del elemento: E3.6
100 1# - ENCABEZAMIENTO - NOMBRE PERSONAL
- Nombre personal: Segovia, Francisco,
- Fechas asociadas con el nombre: 1958-
670 ## - FUENTE EN LA QUE SE LOCALIZARON DATOS
- Cita de la fuente: LC/P
680 ## - NOTA PUBLICA DE ACCESO PÚBLICO
- Frase explicativa de la referencia: Poeta mexicano nacido en la ciudad de México, Distrito Federal. Es hijo de los conocidos escritores Tomás Segovia e Inés Arredondo. Francisco Segovia estudió Letras Hispánicas en la UNAM. Actualmente trabaja como lexicógrafo en el Colegio de México en la creación del Diccionario del español mexicano. Francisco Segovia es considerado uno de los poetas mexicanos más sobresalientes de su generación. Es miembro fundador y colaborador de varias revistas de literatura entre las que destaca Fractal y Vuelta.
902 ## - CATALOGADOR
- Catalogador: MITM/290716
